Historia e índice de las leyes
Guardat en:
| Autor principal: | |
|---|---|
| Format: | Llibre |
| Idioma: | espanyol |
| Publicat: |
Santiago
Biblioteca del Congreso Nacional
1950
|
| Matèries: | |
| Etiquetes: |
Afegir etiqueta
Sense etiquetes, Sigues el primer a etiquetar aquest registre!
|
MARC
| LEADER | 00000nam a2200000 a 4500 | ||
|---|---|---|---|
| 001 | UCR0593 | ||
| 003 | CL-VaPUC | ||
| 008 | 971205e19500000CL |||||||||||||||||spa|d | ||
| 082 | 0 | 4 | |a 349.83 |b UGA |2 21 |
| 100 | 0 | |a Ugarte Vial, Jorge |e author |9 396461 | |
| 245 | 1 | 0 | |a Historia e índice de las leyes |
| 300 | |a 3 t | ||
| 942 | |c BK | ||
| 945 | |d 19971205 00:00:00 |a cmena | ||
| 260 | |a Santiago |b Biblioteca del Congreso Nacional |c 1950 | ||
| 650 | 7 | |a LEGISLACION |2 CL-VaPUC |9 396462 | |
| 650 | 7 | |a DECRETOS |2 CL-VaPUC |9 309678 | |
| 650 | 0 | |a Historia del derecho |9 255109 | |
| 650 | 0 | |a Catálogos |9 256258 | |
| 650 | 0 | |a Justicia |9 255408 | |
| 650 | 0 | |a Tratados internacionales |9 256056 | |
| 650 | 0 | |a Derecho internacional |9 255637 | |
| 650 | 0 | |a Desarrollo económico y social |9 256320 | |
| 651 | 7 | |a CHILE |2 CL-VaPUC |9 396463 | |
| 583 | |a last modification |c 20140528 01:03:52 |k Rodrigo Vera | ||
| 999 | |c 264092 |d 264090 | ||
| 952 | |0 0 |1 0 |4 0 |6 349_830000000000000_UGA_1950 |7 0 |8 DER_HDC |9 293703 |a BIBDER |b BIBDER |d 2019-11-19 |h t.1 v.1 |i 1914952 |o 349.83 UGA 1950 |p 1914952 |r 2023-01-25 |w 2019-11-19 |x Ubicación 4to Piso |y BK_F |z Estos recursos deben solicitarse con anticipación |k DER | ||
| 952 | |0 0 |1 0 |4 0 |6 349_830000000000000_UGA_1950 |7 0 |8 DER_HDC |9 293704 |a BIBDER |b BIBDER |d 2019-11-19 |h t.1 v.2 |i 1914960 |o 349.83 UGA 1950 |p 1914960 |r 2023-01-25 |w 2019-11-19 |x Ubicación 4to Piso |y BK_F |z Estos recursos deben solicitarse con anticipación |k DER | ||
| 952 | |0 0 |1 0 |4 0 |6 349_830000000000000_UGA_1950 |7 0 |8 DER_HDC |9 293705 |a BIBDER |b BIBDER |d 2019-11-19 |h t.2 |i 1914987 |o 349.83 UGA 1950 |p 1914987 |r 2023-01-25 |w 2019-11-19 |x Ubicación 4to Piso |y BK_F |z Estos recursos deben solicitarse con anticipación |k DER | ||
| 952 | |0 0 |1 0 |4 0 |6 349_830000000000000_UGA_1950 |7 0 |8 DER_HDC |9 293706 |a BIBDER |b BIBDER |d 2019-11-19 |h t.3 |i 1914995 |o 349.83 UGA 1950 |p 1914995 |r 2023-01-25 |w 2019-11-19 |x Ubicación 4to Piso |y BK_F |z Estos recursos deben solicitarse con anticipación |k DER | ||
| 952 | |0 0 |1 0 |2 ddc |4 0 |5 1 |6 349_830000000000000_UGA_1950 |7 1 |8 C_LRYV |9 293707 |a FDOBRV |b BIBDER |d 2019-11-19 |h v.2 |i 1955179 |o 349.83 UGA 1950 |p 1955179 |r 2023-01-25 |w 2019-11-19 |y BK_X |k BRV | ||
| 952 | |0 0 |1 0 |2 ddc |4 0 |5 1 |6 349_830000000000000_UGA_1950 |7 1 |8 C_LRYV |9 293708 |a FDOBRV |b BIBDER |d 2019-11-19 |h v.3 |i 1955497 |o 349.83 UGA 1950 |p 1955497 |r 2023-01-25 |w 2019-11-19 |y BK_X |k BRV | ||